| 000 | 00000nam 2200000za 4500 |
| 001 | 9.700023 |
| 003 | CaOODSP |
| 005 | 20210625000640 |
| 007 | cr ||||||||||| |
| 008 | 150407|1960||||xxc|||||o f|0| 0 eng d |
| 040 | |aCaOODSP|beng |
| 043 | |an-cn--- |
| 086 | 1 |aZ1-1959/2E-PDF |
| 086 | 1 |aZ1-1959/1-2E-PDF |
| 110 | 1 |aCanada. |bPrivy Council Office. |
| 245 | 10|aReport of the Royal Commission on the Great Slave Lake Railway. Vol. II / |h[electronic resource]|ccommissioners : M.E. Manning (chairman), W.D. Gainer, and John Anderson-Thomson. |
| 260 | |aOttawa - Ontario : |bPrivy Council Office |cJuly 1960. |
| 300 | |a95p.|bfigs., maps, tables |
| 500 | |aHistorical publication digitized in 2009 by Privy Council Office of Canada. |
| 590 | |a15-04-Supp|b2015-03-19 |
| 690 | 07|aRail transport|2gcpds |
| 690 | 07|aCommissions of inquiry|2gcpds |
| 775 | 08|tRapport de la Commission royale d'enquête sur le Chemin de fer du Grand Lac des Esclaves. Vol. II |w(CaOODSP)9.643937 |
| 856 | 40|ahttp://publications.gc.ca|qPDF|s4.19 MB|uhttps://publications.gc.ca/collections/collection_2014/bcp-pco/Z1-1959-2-eng.pdf |